The Handbook of Competency Mapping: Understanding, Designing and Implementing Competency Models in Organizations (Record no. 8696)

MARC details
000 -LEADER
fixed length control field 00450nam a22001577a 4500
003 - CONTROL NUMBER IDENTIFIER
control field OSt
008 - FIXED-LENGTH DATA ELEMENTS--GENERAL INFORMATION
fixed length control field 200704b ||||| |||| 00| 0 eng d
020 ## - INTERNATIONAL STANDARD BOOK NUMBER
International Standard Book Number 9789385985157
082 ## - DEWEY DECIMAL CLASSIFICATION NUMBER
Classification number 658.4 SAT
100 ## - MAIN ENTRY--PERSONAL NAME
Personal name SANGHI, Seema
245 ## - TITLE STATEMENT
Title The Handbook of Competency Mapping: Understanding, Designing and Implementing Competency Models in Organizations
260 ## - PUBLICATION, DISTRIBUTION, ETC. (IMPRINT)
Place of publication, distribution, etc New Delhi
Name of publisher, distributor, etc Sage Response
Date of publication, distribution, etc 2016
300 ## - PHYSICAL DESCRIPTION
Extent 334
650 ## - SUBJECT ADDED ENTRY--TOPICAL TERM
Topical term or geographic name as entry element MBA
942 ## - ADDED ENTRY ELEMENTS (KOHA)
Source of classification or shelving scheme Dewey Decimal Classification
Koha item type Text Books
Holdings
Withdrawn status Lost status Source of classification or shelving scheme Damaged status Not for loan Collection code Home library Current library Date acquired Source of acquisition Currency Cost, normal purchase price Bill Number Total Checkouts Full call number Acc. no. / Barcode Date last seen Actual Cost, discounted price Bill Date Koha item type Public note Date last borrowed
    Dewey Decimal Classification     GENERAL PIET C-LIBRARY PIET C-LIBRARY 04/07/2020 Kirti Praskshan IN Rupees 595.00 IN6679   658.4 SAT 31736 04/07/2020 386.75 16/03/2020 Text Books Handbook  
    Dewey Decimal Classification     MBA PIET C-LIBRARY PIET C-LIBRARY 04/07/2020 Kirti Praskshan IN Rupees 595.00 IN6679   658.4 SAT 31737 04/07/2020 386.75 16/03/2020 Text Books    
    Dewey Decimal Classification     MBA PIET C-LIBRARY PIET C-LIBRARY 04/07/2020 Kirti Praskshan IN Rupees 595.00 IN6679   658.4 SAT 31738 04/07/2020 386.75 16/03/2020 Text Books    
    Dewey Decimal Classification     MBA PIET C-LIBRARY PIET C-LIBRARY 04/07/2020 Kirti Praskshan IN Rupees 595.00 IN6679 1 658.4 SAT 31739 09/07/2022 386.75 16/03/2020 Text Books   14/03/2022

Design & Developed by: PIET Central Library
R70 Miles Stone Pattikalyana Samalkha Panipat 132102
mail ID :- [email protected], Phone No:- 0180-2569700 Ex.216